Statistics for United Nations Geoscheme - Americas

Click here to take the quiz!

General Stats

  • This quiz has been taken 13 times
  • The average score is 51 of 59

Answer Stats

Answer% Correct
Belize
100%
Canada
100%
Costa Rica
100%
El Salvador
100%
Greenland (Denmark)
100%
Guatemala
100%
Honduras
100%
Mexico
100%
Nicaragua
100%
Panama
100%
United States
100%
Anguilla (UK)
86%
Antigua and Barbuda
86%
Argentina
86%
Aruba (Netherlands)
86%
Bahamas
86%
Barbados
86%
Bermuda (UK)
86%
Bolivia
86%
Bonaire (Netherlands)
86%
Brazil
86%
Cayman Islands (UK)
86%
Chile
86%
Colombia
86%
Cuba
86%
Dominica
86%
Dominican Republic
86%
Ecuador
86%
Falkland Islands (UK)
86%
French Guiana (France)
86%
Grenada
86%
Guadeloupe (France)
86%
Guyana
86%
Haiti
86%
Jamaica
86%
Martinique (France)
86%
Montserrat (UK)
86%
Paraguay
86%
Peru
86%
Puerto Rico (USA)
86%
Saint Barthelemy (France)
86%
Saint Kitts and Nevis
86%
Saint Lucia
86%
Saint Martin (France)
86%
Saint Pierre and Miquelon (France)
86%
Saint Vincent and the Grenadines
86%
Suriname
86%
Trinidad and Tobago
86%
Turks and Caicos Islands (UK)
86%
United States Virgin Islands (USA)
86%
Uruguay
86%
Venezuela
86%
British Virgin Islands (UK)
71%
Curacao (Netherlands)
71%
Saba (Netherlands)
71%
Sint Eustatius (Netherlands)
71%
Sint Maarten (Netherlands)
71%
South Georgia and the South Sandwich Islands (UK)
71%
Bouvet Island (Norway)
57%

Score Distribution

Percentile by Number Answered

Percent of People with Each Score

Your Score History

You have not taken this quiz